Les empires de A à Z - Statistiques

Statistiques générales
  • Ce quiz a été pris 12 433 fois
    11 772 depuis la dernière actualisation
  • Le résultat moyen est 12 sur 26
Statistiques - réponses
Lettre Indice Empire % Correct
A Son territoire correspond en grande partie au Mexique actuel Aztèque
86%
F Haïti a obtenu son indépendance de cet empire Français
83%
O Ancêtre de la Turquie Ottoman
82%
M Empire de Gengis Khan Mongol
81%
B Aussi appelé Empire romain d'Orient Byzantin
79%
J Il a annexé la Corée en 1910 Japonais
79%
D Il a colonisé le Groenland et le Ghana Danois
77%
C Sa dynastie fut fondée par Pépin le Bref Carolingien
70%
R Il a vendu l'Alaska aux États-Unis Russe
68%
I Ses habitants parlaient le Quechua Inca
65%
E Empire chrétien d'Afrique Éthiopien
60%
V République sérénissime dont la Capitale est en Italie moderne Venise
49%
K Angkor était sa capitale Khmer
44%
P Zoroastre est à l'origine de sa religion d'État Perse
42%
Q Dernière dynastie de Chine Qing
41%
W Empire chinois pendant la période des trois Royaumes Wu | Wei
40%
H Dynastie qui a introduit le Bouddhisme à la cour impériale Han
37%
Z Empire qui a intégré l'Afrique du Sud en 1887 Zoulou
33%
X Première dynastie chinoise Xia
25%
U Califat vaincu à Poitiers (commence parfois par O) Umayyades
24%
Y A renversé la dynastie Song Yuan
19%
L Nom de la réponse B lorsqu'il était occupé suite à la quatrième croisade Latin
15%
T Empire fondé par Tamerlan Timouride
7%
G Empire indien entre le IVe et le VIe siècle Gupta
5%
S Il s'étendait sur le Pendjab suite au déclin des Moghols Sikh
5%
N Grand empire de Mésopotamie entre 934 et 609 av. J.-C. Néo-assyrien
4%
Aucun quiz correspondant
Distribution des résultats
% des personnes avec chaque résultat
Percentile par nombre de réponses
Votre historique - résultats
Vous n’avez pas pris ce quiz depuis la dernière actualisation